| 000 | 00805nam a2200217 a 4500 | ||
|---|---|---|---|
| 005 | 20191224041719.0 | ||
| 008 | 140312b1999 ck gr|||| 000 0 spa d | ||
| 040 |
_aCO-BoIAVH _cCO-BoIAVH |
||
| 041 | 0 | _aspa | |
| 044 | _ack | ||
| 082 | 0 | 4 |
_a333.72 _bM66m |
| 111 | 2 |
_aMemorias Taller de Pasivos Ambientales _cChinauta _dDiciembre 9-10, 1999 |
|
| 245 | 1 | 0 |
_aMemorias taller de pasivos ambientales / _cMinisterio de Ambiente y Desarrollo Sostenible |
| 260 |
_aBogotá : _bMinisterio de Ambiente y Desarrollo Sostenible, _c1999. |
||
| 300 |
_a51 páginas ; _c28 x 22 cm. |
||
| 650 | 1 | 6 | _aValoración económica ambiental |
| 650 | 2 | 6 | _aAnálisis del impacto ambiental |
| 650 | 2 | 6 |
_aAmbiente _xEconomía |
| 710 | 2 |
_aColombia _bMinisterio del Medio Ambiente |
|
| 942 |
_cLIBRO _2ddc |
||
| 999 |
_c3939 _d3939 |
||